A-League Stadiums (2021-22) - Statistics

General Stats
  • This quiz has been taken 3 times
  • The average score is 6 of 18
Answer Stats
Club Answer % Correct
Melbourne City AAMI Park
100%
Melbourne Victory AAMI Park
100%
Western United AAMI Park
100%
Adelaide United Hindmarsh Stadium
100%
Macarthur FC Campbelltown Stadium
33%
Western Sydney Wanderers CommBank Stadium
33%
Perth Glory HBF Park
33%
Western United Mars Stadium
33%
Wellington Phoenix Sky Stadium
33%
Central Coast Mariners Central Coast Stadium
0%
Wellington Phoenix Eden Park
0%
Western United GMHBA Stadium
0%
Sydney FC Leichhardt Oval
0%
Newcastle Jets McDonald Jones Stadium
0%
Brisbane Roar Moreton Daily Stadium
0%
Sydney FC Netstrata Jubilee Oval
0%
Western United UTAS Stadium
0%
Wellington Phoenix WIN Stadium
0%
No matching quizzes found
Score Distribution
Percent of People with Each Score
Percentile by Number Answered
Your Score History
You have not taken this quiz